00988nam a22002537a 450000500170000001000130001702000260003003500130005603700160006904000120008508200160009710000340011324500930014726000450024027000610028530000260034650000510037265000650042365000370048870000300052594200250055599900190058095201350059920170124110052.0 aB-163324 c450.00a9780195668704 aB-163324 bCen Lib/Ret aDPLbEN a821.08bHAW aHawley, John Stratton925582 aSongs of the saints of India /cby John Stratton Hawley; translated by Mark Juergensmeye aNew DelhibOxford University Pressc2006 bNew DelhiaYMCA Library Building, Jai Singh Roade110001 axxii,244p. c23cm(Hb) aIncludes bibliographical references and index  aDevotional poetry, Indic -- Translations into English925583 aPoets, Indic -- Biography925584 aJuergensmeye, Mark925585 2ddccENh821.08mHAW c129154d129154 00104070aLbLd2015-07-04eCen Lib/Retg0.00l2o821.08 HAWpB-163324r2021-03-18 00:00:00s2021-03-08t1v0.00w2015-07-04yEN